| 000 | 01043nam a22003497a 4500 | ||
|---|---|---|---|
| 003 | CHAP | ||
| 005 | 20220329133128.0 | ||
| 008 | 971013s1990 r 00010 d | ||
| 010 | _a2471 | ||
| 011 | _a3443 | ||
| 035 | _a2643 | ||
| 040 | _cCHAP | ||
| 090 | _aFolleto 13348 | ||
| 100 | 0 | 0 |
_aFuller, Stephen. _943941 |
| 245 |
_aPotato production in Texas _b: marketing trends and opportunities |
||
| 260 |
_aCollege Station : _bThe Texas Agricultural Experiment Station, _c1990 |
||
| 300 |
_a20 p. _b: ilus |
||
| 490 |
_aMP _v; 1686 |
||
| 500 | _aD46-8 | ||
| 590 |
_aBATCH-UPD _b10 _c20130110 _lUCH01 _h0255 |
||
| 590 |
_aBATCH-UPD _b10 _c20130110 _lUCH01 _h1326 |
||
| 590 |
_aCONVERSION _b10 _c20130109 _lUCH01 _h1303 |
||
| 650 | 1 | 4 |
_aPapa _xMercadeo. _985261 |
| 650 | 1 | 4 |
_aPapa _xRendimiento. _985284 |
| 650 | 1 | 4 |
_aPapa _xTexas. _985293 |
| 700 | 0 |
_aGoodwin, H. L. _949594 |
|
| 700 | 0 |
_aSchmitz, John. _9103081 |
|
| 830 | 0 |
_aMP _v; 1686 _979221 |
|
| 901 | _aBK | ||
| 942 | _cFOLL | ||
| 949 |
_aFolleto 13348 _bBC _cFOLL _d-12149 _eTS1 _i2643 _mD _si |
||
| 999 |
_c2471 _d2471 |
||